=LDR 00000nam 2200000 4500 =001 INLIS000000000028754 =005 20130612131034 =008 ***********************************Ind** =035 ##$$0010-061300000028754 =041 ##$$a Ind =082 ##$$a 2X2.22 =090 ##$$a 2X2.22, Bah h =100 ##$$a Bahreisy, Hussein =245 ##$$a Himpunan hadits shahih muslim, Hussein Bahreisy =260 ##$$a 1987 $b Surabaya =300 ##$$a xv, 341 hlm, 21 cm =650 ##$$a Hadis Muslim =850 ##$$a NBPNMAT